28 Şubat sürecinde Kıbrıs, çözümler ve öneriler (Record no. 9832)

MARC details
000 -BAŞLIK
Sabit Uzunlukta Kontrol Alanı 00804na a2200229 4500
001 - KONTROL NUMARASI
Denetim Alanı 23643
003 - KONTROL NUMARASI IDENTIFIER
Denetim Alanı MIRAKIL
005 - SON İŞLEM TARİHİ VE ZAMANI
Denetim Alanı 20181213155258.0
008 - SABİT-BOY VERİ ELEMANLARI - GENEL BİLGİLER
Sabit Uzunlukta Kontrol Alanı 171116b tu 000 0
040 ## - KATALOGLAMA KAYNAK
Orijinal Kataloglama Ajansı Milas
Kataloglama Dili tur
Metne Dönüştürmek Ajansı TR-AnCHP
041 ## - DİL KODU
Metin / Ses Parça Veya Ayrı Başlığın Dil Kodu tur
082 ## - DEWEY ONLU SINIFLANDIRMA NUMARASI
Sınıflandırma Numarası 956.93
Ürün Numarası B27y 2003
090 ## - SINIFLAMA NUMARASI
Sınıflama Numarası 956.93 B27y 2003
110 ## - ANA GİRİŞ - KURUMSAL ADI
Giriş Elemanı Olarak Kurumsal Ad Veya Yargı Alanı Adı Başkent Üniversitesi
111 ## - ANA GİRİŞ - TOPLANTI ADI
Giriş Elemanı Olarak Toplantı Adı Veya Yargı Alanı Adı 28 Şubat sürecinde Kıbrıs, çözümler ve öneriler
Toplantının Yeri Ankara
Toplantı Veya Antlaşma İmzalandığı Tarihi 22 Ocak 2003
245 ## - BAŞLIK TABLOSU
Başlık 28 Şubat sürecinde Kıbrıs, çözümler ve öneriler
Sorumluluk Tablosu, Vb Başkent Üniversitesi Stratejik Araştırmalar Merkezi
260 ## - YAYIN, DAĞITIM, VB
Yayın, Dağıtım, Vb Yeri Ankara
Yayıncı, Dağıtıcı, Vs Adı Başkent Üniversitesi Stratejik Araştırmalar Merkezi
Yayın, Dağıtım, Vb Tarihi 2003
300 ## - FİZİKSEL TANIM
Kapsam 54 s.
Boyutlar 24 sm.
650 ## - KONU KATMA GİRİŞ - TOPİKAL DÖNEM
Topikal Süreli Veya Coğrafi Ad Giriş Elemanı Kıbrıs sorunu
Genel Alt Bölümü Sorunlar ve çözümler
650 ## - KONU KATMA GİRİŞ - TOPİKAL DÖNEM
Topikal Süreli Veya Coğrafi Ad Giriş Elemanı Kıbrıs sorunu
Genel Alt Bölümü Tartışmalar
942 ## - EKLENDİ GİRİŞ ELEMANLARI (KOHA)
Sınıflandırma Veya Raf Düzeni Kaynak Dewey Decimal Classification
Koha Öğesi Türü Books
999 ## - SİSTEM KONTROL NUMARALARI (KOHA)
Koha Biblionumber 9832
Koha Biblioitemnumber 9832
Holdings
Kalıcı Konum Mevcut Konum Edinme Tarihi Edinim Kaynak Toplam Check-Out'Lar Tam Çağrı Numarası Barkod Tarih Son Görülme İtibaren Geçerli Fiyatlar Koha Öğesi Türü
CHP Kütüphanesi CHP Kütüphanesi 11/16/2017 Bağış   956.93 B27y 2003 017633 11/16/2017 11/16/2017 Books